Les brésiliens de l'Olympique Lyonnais - Statistiques

Statistiques générales
  • Ce quiz a été pris 256 fois
  • Le résultat moyen est 13 sur 27
Statistiques - réponses
Année de signature Poste Joueur % Correct
2001 - 2009 Milieu Juninho Pernambucano
90%
2020 - 2022 Milieu Lucas Paquéta
81%
2004 - 2012 Défenseur Cris
79%
2020 - 2022 Milieu Bruno Guimarães
73%
2024 Gardien Lucas Perri
67%
1999 - 2003 Attaquant Sonny Anderson
67%
2007-2008 et 2009-2010 Défenseur Cléber Anderson
64%
2017 - 2020 Défenseur Marcal
60%
2000 - 2007 Défenseur Claudio Caçapa
58%
2023 - 2024 Attaquant Jeffinho
57%
2017 - 2022 Défenseur Marcelo
55%
2005 - 2009 Attaquant Fred
51%
2019 - 2023 Milieu Thiago Mendes
51%
2015 - 2020 Défenseur Rafael
50%
2009 - 2013 Milieu Michel Bastos
48%
2024 - Défenseur Adryelson
45%
2000 - 2004 Défenseur Edmilson
43%
2021 - Défenseur Henrique
42%
2004 - 2006 Attaquant Nilmar
34%
2022 - 2023 Défenseur Tetê
33%
2019 - 2021 Milieu Jean Lucas
29%
2008 - 2012 Milieu Ederson
28%
2003 - 2005 Attaquant Giovane Élber
21%
2020 - 2023 Milieu Camilo
20%
2007 - 2009 Milieu Fábio Santos
16%
1956 - 1959 Attaquant Pires Constantino
3%
1993 - 1997 Défenseur Marcelo Djian
2%
Aucun quiz correspondant
Distribution des résultats
% des personnes avec chaque résultat
Percentile par nombre de réponses
Votre historique - résultats
Vous n’avez pas pris ce quiz